|
|
|
|
| LEADER |
00000cam a2200000 4500 |
| 001 |
vtls012270928 |
| 003 |
SK-MaSNL |
| 005 |
20260302075533.0 |
| 008 |
250210s2024 xo frf 000 0 ger |
| 015 |
|
|
|a SNBA2025/7
|
| 020 |
|
|
|a 9788055421520
|q (brožované)
|
| 040 |
|
|
|a SNK
|b slo
|c SNK
|e rda
|
| 041 |
1 |
|
|a ger
|h eng
|
| 044 |
|
|
|a xo
|c SK
|
| 072 |
|
7 |
|a 004.4/.6
|x Programovanie. Softvér
|2 konspekt
|
| 080 |
|
|
|a 004.42.045
|2 2011
|
| 080 |
|
|
|a (072)
|2 2011
|
| 100 |
1 |
|
|a Varga, Michal,
|d 1988-
|4 aut
|4 com
|9 253501
|
| 240 |
1 |
0 |
|a Guide for current teachers of the hihg schools
|l Nemecky
|
| 245 |
1 |
0 |
|a OOP4FUN: Grundlagen der Objektorientierten programmierung
|b ein praktischer Leitfaden für Lehrer
|c Herausgeber: Michal Varga, Jozef Rak, Dušan Savić, Zlatko Stapić ; Autoren: Peter Sedláček, Nika Kvaššayová, Jozef Kostolný, Michal Mrena, Patrik Rusnák, Peter Sobe, Ilija Antović, Miloš Milić, Tatjana Stojanović, Davor Fodrek, Lidija Kozina, Marko Mijač, Dijana Plantak Vukovac, Antonela Čižmešija, Dijana Peras, Goran Hajdin, Leas Masnec ; Übersetzung aus dem englischen Original: Peter Sobe
|
| 246 |
3 |
0 |
|a Grundlagen der Objektorientierten programmierung
|
| 250 |
|
|
|a Erste Ausgabe
|
| 264 |
|
1 |
|a Žilina
|b EDIS-vydavateľstvo UNIZA
|c 2024
|
| 300 |
|
|
|a 123 strán
|c 30 cm
|
| 336 |
|
|
|a text
|b txt
|2 rdacontent
|
| 337 |
|
|
|a bez média
|b n
|2 rdamedia
|
| 338 |
|
|
|a zväzok
|b nc
|2 rdacarrier
|
| 366 |
|
|
|e 50 kusov
|
| 500 |
|
|
|a Vydala Žilinská univerzita v Žiline v EDIS-vydavateľstve UNIZA
|
| 650 |
0 |
7 |
|a objektovo orientované programovanie
|2 SNKPH
|9 2029
|
| 650 |
0 |
7 |
|a Object-oriented programming
|2 SNKPHeng
|9 330056
|
| 655 |
|
7 |
|a metodické príručky
|2 SNKPH
|9 70250
|
| 655 |
|
7 |
|a Methodological manuals
|2 SNKPHeng
|9 270866
|
| 700 |
1 |
|
|a Rak, Jozef
|4 com
|9 592935
|
| 700 |
1 |
|
|a Savić, Dušan
|4 com
|9 742503
|
| 700 |
1 |
|
|a Stapić, Zlatko
|4 com
|9 742504
|
| 700 |
1 |
|
|a Kvaššayová, Nika,
|d 1994-
|4 aut
|9 258015
|
| 700 |
1 |
|
|a Kostolný, Jozef,
|d 1986-
|4 aut
|9 193613
|
| 700 |
1 |
|
|a Mrena, Michal,
|d 1997-
|4 aut
|9 253502
|
| 700 |
1 |
|
|a Rusnák, Patrik,
|d 1992-
|4 aut
|9 258016
|
| 700 |
1 |
|
|a Sobe, Peter,
|d 1969-
|4 aut
|4 trl
|9 258018
|
| 700 |
1 |
|
|a Antović, Ilija
|4 aut
|9 742505
|
| 700 |
1 |
|
|a Milić, Miloš
|4 aut
|9 742506
|
| 700 |
1 |
|
|a Stojanović, Tatjana
|4 aut
|9 742507
|
| 700 |
1 |
|
|a Fodrek, Davor
|4 aut
|9 742508
|
| 700 |
1 |
|
|a Kozina, Lidija
|4 aut
|9 742509
|
| 700 |
1 |
|
|a Mijač, Marko
|4 aut
|9 742510
|
| 700 |
1 |
|
|a Plantak Vukovac, Dijana
|4 aut
|9 742511
|
| 700 |
1 |
|
|a Čižmešija, Antonela
|4 aut
|9 742512
|
| 700 |
1 |
|
|a Peras, Dijana
|4 aut
|9 742513
|
| 700 |
1 |
|
|a Hajdin, Goran
|4 aut
|9 742514
|
| 700 |
1 |
|
|a Masnec, Lea
|4 aut
|9 742515
|
| 700 |
1 |
|
|a Jovanovská, Dora
|4 bkd
|4 bjd
|9 592936
|
| 700 |
1 |
|
|a Sedláček, Peter, 1994-
|4 aut
|9 257669
|
| 852 |
|
|
|a Slovenská národná knižnica
|
| 919 |
|
|
|a 978-80-554-2152-0
|
| 954 |
|
|
|a odborná, vedecká literatúra pôvodná (slovenská)
|2 lita
|
| 954 |
|
|
|a odborná, vedecká literatúra cudzojazyčná (svetová)
|2 lita
|
| 958 |
|
|
|a OP
|
| 999 |
|
|
|c 1169621
|d 1171551
|
| 952 |
|
|
|a SNK
|b SNK
|y PREZ
|7 0
|p 17A1566713
|o snkSB 101562
|i snk2025/7026
|8 0
|0 0
|1 0
|4 0
|d 2025-04-28
|f 1
|l 0
|r 2026-02-24 21:00:04
|w 2026-02-24
|